[Event "Africa-ch U20"]
[Site "Hammamet"]
[Date "2016.12.02"]
[Round "8"]
[White "Bouchamla, Alaa"]
[Black "Baktache, Hamza"]
[Result "1/2-1/2"]
[WhiteElo "1670"]
[BlackElo "1632"]
[PlyCount "35"]
[EventDate "2016.11.26"]
[EventType "swiss"]
[EventRounds "9"]
[EventCountry "TUN"]
[SourceTitle "EXT 2018"]
[Source "ChessBase"]
[SourceDate "2017.10.13"]
[SourceVersion "1"]
[SourceVersionDate "2017.10.13"]
[SourceQuality "1"]

1. e4 e6 2. d4 d5 3. Nd2 Nf6 4. e5 Nfd7 5. Bd3 c5 6. c3 Nc6 7. Ne2 cxd4 8. cxd4 f6 9. Nf4 Qe7 10. Qh5+ Qf7 11. Bg6 hxg6 12. Qxh8 Nxd4 13. 0-0 Nxe5 14. Nb3 Nxb3 15. axb3 Bd7 16. Be3 Nc6 17. Bb6 e5 18. Rfe1 1/2-1/2